Diario de un viaje a California. 1848 - 1849
Saved in:
| Hovedforfatter: | |
|---|---|
| Format: | Bog |
| Sprog: | spansk |
| Udgivet: |
Santiago
Nascimento
1949
|
| Udgivelse: | 1a. ed |
| Fag: | |
| Tags: |
Tilføj Tag
Ingen Tags, Vær først til at tagge denne postø!
|
MARC
| LEADER | 00000nam a2200000 a 4500 | ||
|---|---|---|---|
| 001 | UCJ8703 | ||
| 003 | CL-VaPUC | ||
| 008 | 070124e19490000CL |||||||||||||||||spa|d | ||
| 082 | 0 | 4 | |a 910.4 |b PER |2 21 |
| 100 | 0 | |a Pérez Rosales, Vicente |e author |9 346608 | |
| 245 | 1 | 0 | |a Diario de un viaje a California. 1848 - 1849 |
| 250 | |a 1a. ed | ||
| 300 | |a xxvi, 90 p | ||
| 942 | |c BK | ||
| 945 | |d 20070124 00:00:00 |a rinostro | ||
| 260 | |a Santiago |b Nascimento |c 1949 | ||
| 500 | |a En 4§, carpeta.- portada a dos tintas | ||
| 500 | |a Tirada numerada de 1 a 100; nuestro ejemplar lleva el número 10 | ||
| 500 | |a Al final, 6 láminas en blanco y negro. Ex libris de la Sociedad | ||
| 600 | 0 | 7 | |a SOCIEDAD DE BIBLIOFILOS CHILENOS |2 CL-VaPUC |9 513930 |
| 650 | 0 | |a Viajes |9 257115 | |
| 650 | 7 | |a BIOGRAFIA |2 CL-VaPUC |9 504622 | |
| 650 | 7 | |a EMIGRACION CHILENA |2 CL-VaPUC |9 517597 | |
| 650 | 0 | |a Ilustraciones |9 369481 | |
| 650 | 7 | |a EX LIBRIS |2 CL-VaPUC |9 505186 | |
| 650 | 7 | |a EDICION NUMERADA |2 CL-VaPUC |9 508463 | |
| 650 | 0 | |a Historia de Chile |9 265473 | |
| 651 | 7 | |a CALIFORNIA |2 CL-VaPUC |9 264797 | |
| 583 | |a last modification |c 20070124 00:00:00 |k Rodrigo Vera | ||
| 999 | |c 324361 |d 324359 | ||
| 952 | |0 0 |1 0 |4 0 |6 910_400000000000000_PER_1949 |7 0 |8 X |9 404455 |a FDOBUD |b FDOBUD |d 2019-11-22 |i 1082620 |o 910.4 PER 1949 |p 1082620 |r 2019-11-22 |w 2019-11-22 |y BK_X |k BUD | ||